000 00562nam a2200217Ia 4500
003 OSt
005 20220923211652.0
006 a|||||r|||| 00| 0
007 ta
008 Pun
024 _a42,012
037 _cTextual
040 _aARTS
_cARTS
_bPun
041 _2Pun
_aPun
082 _aO153:g, J2
245 0 _aਪੰਜਾਬੀ ਸਾਹਿਤ
_b ਇਤਿਹਾਸ ਤੇ ਪ੍ਰਵ੍ਰਿਤੀਆਂ
260 _c1952
650 _aਪੰਜਾਬੀ ਸਾਹਿਤ
942 _hO153:g, J2
_cTEXL
_2CC
999 _c302398
_d302398